000
00277nam a22001337a 4500
008
170714b xxu||||| |||| 00| 0 eng d
020
_a
9780521347624
041
_a
eng
080
_a
101
100
_a
24
101
_a
fil
245
_a
ARTISTOTLE
_c
LEAR, J
942
_2
udc
_c
BK
999
_c
20866
_d
20866